[Event "ITA-chT (Women)"]
[Site "Montesilvano"]
[Date "2021.09.23"]
[Round "2.4"]
[White "Maione, Melissa"]
[Black "De Rosa, Mariagrazia"]
[Result "0-1"]
[WhiteElo "1874"]
[BlackElo "2055"]
[PlyCount "80"]
[EventDate "2021.09.22"]
[EventType "team-tourn"]
[EventRounds "7"]
[EventCountry "ITA"]
[SourceTitle "EXT 2023"]
[Source "ChessBase"]
[SourceDate "2022.10.05"]
[SourceVersion "1"]
[SourceVersionDate "2022.10.05"]
[SourceQuality "1"]
[WhiteTeam "Chieti Fischer (W)"]
[BlackTeam "Caissa Italia Pentole Agnelli (W)"]
[WhiteTeamCountry "ITA"]
[BlackTeamCountry "ITA"]

1. e4 c5 2. Nf3 d6 3. d4 cxd4 4. Nxd4 Nf6 5. Nc3 a6 6. Bg5 e6 7. f4 Qc7 8. Qf3 Nc6 9. 0-0-0 Bd7 10. g4 Be7 11. Bg2 h6 12. Bh4 Rc8 13. Qe2 g5 14. fxg5 Nh7 15. Bg3 Bxg5+ 16. Kb1 Ne5 17. Nf3 Be7 18. Nxe5 dxe5 19. Rhf1 b5 20. Qd2 Nf8 21. Qf2 f6 22. Bh4 Ng6 23. Rd2 b4 24. Ne2 Bb5 25. Rfd1 a5 26. Bg3 a4 27. Nd4 Bd7 28. Nf3 Nf8 29. Rf1 Bc5 30. Nd4 Be7 31. Nf3 Ng6 32. Nh4 Nxh4 33. Bxh4 Rf8 34. Qe3 Bb5 35. Rc1 a3 36. Qxh6 axb2 37. Rcd1 Bd3 38. Qg6+ Rf7 39. Qg8+ Bf8 40. Kxb2 Qc3+ 0-1

[Event "ITA-ch Online (Women) Qual GpB"]
[Site "Premium Chess Arena INT"]
[Date "2020.11.20"]
[Round "6.3"]
[White "De Rosa, Mariagrazia"]
[Black "Raccanello, Marianna"]
[Result "1-0"]
[WhiteElo "2055"]
[BlackElo "2119"]
[PlyCount "97"]
[EventDate "2020.11.18"]
[EventType "tourn (rapid)"]
[EventRounds "7"]
[EventCountry "ITA"]
[SourceTitle "CBM 199 Extra"]
[Source "ChessBase"]
[SourceDate "2021.01.31"]
[SourceVersion "1"]
[SourceVersionDate "2021.01.31"]
[SourceQuality "1"]

1. e4 c5 2. Nf3 e6 3. d4 cxd4 4. Nxd4 a6 5. Bd3 Nf6 6. 0-0 Qc7 7. Qe2 d6 8. c4 Be7 9. Nc3 0-0 10. f4 Nc6 11. Nxc6 bxc6 12. e5 Nd7 13. exd6 Bxd6 14. Ne4 Be7 15. b3 Nc5 16. Nxc5 Bxc5+ 17. Kh1 Rd8 18. Bxh7+ Kxh7 19. Qh5+ Kg8 20. Qxc5 Qd6 21. Qg5 f6 22. Qg6 Qd3 23. Qxd3 Rxd3 24. Ba3 Bb7 25. Rad1 Rad8 26. Rxd3 Rxd3 27. Bc5 Rd2 28. h4 Kf7 29. h5 Rd3 30. Kh2 a5 31. Rf2 Ba6 32. g4 a4 33. g5 f5 34. Rb2 axb3 35. axb3 e5 36. Ra2 Bc8 37. Ra7+ Bd7 38. fxe5 f4 39. g6+ Ke6 40. h6 gxh6 41. g7 Rg3 42. Bf8 Rg5 43. Ra2 Kxe5 44. Ra5+ Ke4 45. Rxg5 hxg5 46. g8Q g4 47. Bd6 Kf3 48. Qf7 g3+ 49. Kg1 1-0

[Event "Isolated Queens Internet op 2nd"]
[Site "Chess.com INT"]
[Date "2020.05.02"]
[Round "9"]
[White "De Rosa, Mariagrazia"]
[Black "Novikova, Margarita"]
[Result "0-1"]
[WhiteElo "2078"]
[BlackElo "2015"]
[PlyCount "80"]
[EventDate "2020.05.02"]
[EventType "swiss"]
[EventRounds "10"]
[EventCountry "USA"]
[SourceTitle "CBM 195 Extra"]
[Source "ChessBase"]
[SourceDate "2020.05.31"]
[SourceVersion "1"]
[SourceVersionDate "2020.05.31"]
[SourceQuality "1"]

1. e4 d5 2. exd5 Qxd5 3. Nc3 Qd6 4. d4 Nf6 5. Nf3 c6 6. g3 Bg4 7. Bg2 e6 8. Bf4 Qb4 9. Qd2 Nbd7 10. 0-0 Be7 11. a3 Qb6 12. Rfe1 0-0 13. b4 a6 14. Na4 Qd8 15. c4 Nb6 16. Nb2 Bxf3 17. Bxf3 Qd7 18. Rad1 Rfd8 19. Qe2 a5 20. b5 Bxa3 21. bxc6 bxc6 22. Nd3 Nxc4 23. Qa2 Qxd4 24. Ne5 Qc5 25. Nxc4 Bb4 26. Rxd8+ Rxd8 27. Rc1 Qe7 28. Bxc6 h6 29. Bf3 g5 30. Be5 Nd7 31. Bb2 Nc5 32. Ba1 Nd3 33. Rd1 Bc5 34. Qc2 Nxf2 35. Kg2 g4 36. Qc3 gxf3+ 37. Kf1 e5 38. Rb1 Nd3 39. Rd1 Qd7 40. Nxe5 Qh3# 0-1

[Event "Isolated Queens Internet op 2nd"]
[Site "Chess.com INT"]
[Date "2020.05.02"]
[Round "5"]
[White "Dong, Alice"]
[Black "De Rosa, Mariagrazia"]
[Result "1-0"]
[WhiteElo "1902"]
[BlackElo "2078"]
[PlyCount "129"]
[EventDate "2020.05.02"]
[EventType "swiss"]
[EventRounds "10"]
[EventCountry "USA"]
[SourceTitle "CBM 195 Extra"]
[Source "ChessBase"]
[SourceDate "2020.05.31"]
[SourceVersion "1"]
[SourceVersionDate "2020.05.31"]
[SourceQuality "1"]

1. e4 c5 2. Nf3 d6 3. d4 cxd4 4. Nxd4 Nf6 5. Nc3 a6 6. h3 e6 7. g4 h6 8. Bg2 Qc7 9. 0-0 Nc6 10. Be3 Bd7 11. Nce2 Be7 12. Ng3 g5 13. c3 Ne5 14. Qe2 Nc4 15. Bc1 Rc8 16. b3 Ne5 17. c4 Qb8 18. Bb2 Rg8 19. Rad1 Nc6 20. Nxc6 Bxc6 21. Rfe1 Nd7 22. Nh5 Ne5 23. Rf1 b5 24. c5 dxc5 25. f4 gxf4 26. Nxf4 c4 27. Nh5 Rg6 28. bxc4 Nxc4 29. Bd4 e5 30. Be3 Bb7 31. Qf2 f6 32. Bc1 Qc7 33. Kh1 Kf7 34. Qf5 Rcg8 35. Bd2 Bc8 36. Qf3 Be6 37. Bc3 Bc5 38. Nxf6 Kg7 39. Nxg8 Kxg8 40. Bd2 Qe7 41. Qg3 Bb6 42. Be1 Qc5 43. Bc3 Na3 44. Bxe5 Nc4 45. Bf4 Na3 46. Bc1 Nc2 47. Rd3 Bxa2 48. Rdf3 Be6 49. Rf8+ Kg7 50. R8f3 Nd4 51. R3f2 Nc6 52. Qf4 Bc7 53. Qf3 Be5 54. Bb2 Bxb2 55. Rxb2 Ne5 56. Qg3 Bc4 57. Rf5 Qd4 58. Qxe5+ Qxe5 59. Rxe5 Kf6 60. Rf5+ Ke6 61. Rbf2 a5 62. Rf8 a4 63. Ra8 Bb3 64. Ra6+ Ke5 65. Rxg6 1-0

[Event "ITA-ch (Women) 79th"]
[Site "Padova"]
[Date "2019.11.29"]
[Round "2"]
[White "De Rosa, Mariagrazia"]
[Black "Zimina, Olga"]
[Result "1-0"]
[WhiteElo "2090"]
[BlackElo "2406"]
[PlyCount "95"]
[EventDate "2019.11.28"]
[EventType "tourn"]
[EventRounds "7"]
[EventCountry "ITA"]
[SourceTitle "CBM 193 Extra"]
[Source "ChessBase"]
[SourceDate "2020.01.31"]
[SourceVersion "1"]
[SourceVersionDate "2020.01.31"]
[SourceQuality "1"]

1. e4 c6 2. d4 d5 3. Nc3 dxe4 4. Nxe4 Bf5 5. Ng3 Bg6 6. N1e2 Nf6 7. Nf4 e5 8. Nxg6 hxg6 9. Be3 Nd5 10. dxe5 Nxe3 11. Qxd8+ Kxd8 12. fxe3 Ke7 13. 0-0-0 a5 14. Be2 Nd7 15. e6 Kxe6 16. Ne4 Ne5 17. Ng5+ Ke7 18. Rd4 f5 19. h4 Kf6 20. Rhd1 Re8 21. Rf4 Be7 22. g3 Rd8 23. Rdf1 Nf7 24. Nxf7 Kxf7 25. h5 gxh5 26. Rxf5+ Kg6 27. Rxa5 Bg5 28. Bd3+ Kh6 29. Kd2 Rhe8 30. Rf3 b6 31. Raf5 Re7 32. Ke2 Rde8 33. e4 c5 34. b3 Re6 35. a4 Bf6 36. a5 Bd4 37. axb6 Rxb6 38. Rd5 Rg6 39. b4 Rc8 40. bxc5 Bxc5 41. Rff5 Rgc6 42. Rxh5+ Kg6 43. Rdg5+ Kf7 44. Bc4+ Ke7 45. Rxg7+ Kf6 46. Rhg5 Bd6 47. e5+ Bxe5 48. R5g6+ 1-0

[Event "EU-Cup (Women) 23rd"]
[Site "Porto Carras"]
[Date "2018.10.17"]
[Round "6.1"]
[White "De Rosa, Mariagrazia"]
[Black "Heinemann, Josefine"]
[Result "0-1"]
[WhiteElo "2131"]
[BlackElo "2308"]
[PlyCount "78"]
[EventDate "2018.10.12"]
[EventType "team-swiss"]
[EventRounds "7"]
[EventCountry "GRE"]
[SourceTitle "CBM 186 Extra"]
[Source "ChessBase"]
[SourceDate "2018.08.24"]
[SourceVersion "1"]
[SourceVersionDate "2018.08.24"]
[SourceQuality "1"]
[WhiteTeam "Caissa Italia Alpi Marittime (W)"]
[BlackTeam "Mulhouse Philidor (W)"]
[WhiteTeamCountry "ITA"]
[BlackTeamCountry "FRA"]

1. e4 c5 2. Nf3 d6 3. d4 cxd4 4. Nxd4 Nf6 5. Nc3 a6 6. h3 e6 7. g4 h6 8. Bg2 Be7 9. Be3 Nc6 10. Qe2 Nxd4 11. Bxd4 e5 12. Be3 b5 13. 0-0-0 b4 14. Nd5 Nxd5 15. exd5 0-0 16. Be4 Bh4 17. Kb1 a5 18. Rdg1 f6 19. Rc1 Bd7 20. c4 bxc3 21. Rxc3 f5 22. gxf5 Bxf5 23. Bxf5 Rxf5 24. Qg4 Qf6 25. Bxh6 Rxf2 26. Bxg7 Qf5+ 27. Qxf5 Rxf5 28. Rg1 Bf2 29. Rg2 Kh7 30. Rc2 Bc5 31. b4 axb4 32. Rg4 Bd4 33. Rc4 Rf1+ 34. Rc1 Rxc1+ 35. Kxc1 Rxa2 36. Bf8 b3 37. Rg7+ Kh8 38. Rb7 Ra1+ 39. Kd2 b2 0-1

[Event "Mitropa Cup (Women)"]
[Site "Balatonszarszo"]
[Date "2017.09.25"]
[Round "9.3"]
[White "Kubicka, Anna"]
[Black "De Rosa, Mariagrazia"]
[Result "1-0"]
[WhiteElo "2221"]
[BlackElo "2151"]
[PlyCount "61"]
[EventDate "2017.09.17"]
[EventType "team-tourn"]
[EventRounds "9"]
[EventCountry "HUN"]
[SourceTitle "CBM 180 Extra"]
[Source "ChessBase"]
[SourceDate "2017.10.06"]
[SourceVersion "1"]
[SourceVersionDate "2017.10.06"]
[SourceQuality "1"]
[WhiteTeam "Poland (W)"]
[BlackTeam "Italy (W)"]
[WhiteTeamCountry "POL"]
[BlackTeamCountry "ITA"]

1. e4 c5 2. Ne2 e6 3. d4 cxd4 4. Nxd4 Nf6 5. Bd3 a6 6. 0-0 d6 7. Qe2 Be7 8. c4 b6 9. Nc3 Bb7 10. f4 Nc6 11. Nxc6 Bxc6 12. Kh1 h5 13. e5 dxe5 14. fxe5 Ng4 15. Bf4 Bc5 16. Ne4 Bxe4 17. Bxe4 Rc8 18. Bf3 g5 19. Bxg4 gxf4 20. Rad1 Qg5 21. Bf3 Rc7 22. Qe4 Ke7 23. Be2 Be3 24. Rd3 Qg6 25. Rxe3 fxe3 26. Qh4+ Ke8 27. Bf3 Rg8 28. Qd4 Qg5 29. Qxb6 Rc8 30. Qb7 Rd8 31. Bc6+ 1-0

[Event "Mitropa Cup (Women)"]
[Site "Balatonszarszo"]
[Date "2017.09.18"]
[Round "2.3"]
[White "Exler, Veronika"]
[Black "De Rosa, Mariagrazia"]
[Result "1-0"]
[WhiteElo "2134"]
[BlackElo "2151"]
[PlyCount "99"]
[EventDate "2017.09.17"]
[EventType "team-tourn"]
[EventRounds "9"]
[EventCountry "HUN"]
[SourceTitle "CBM 180 Extra"]
[Source "ChessBase"]
[SourceDate "2017.10.06"]
[SourceVersion "1"]
[SourceVersionDate "2017.10.06"]
[SourceQuality "1"]
[WhiteTeam "Austria (W)"]
[BlackTeam "Italy (W)"]
[WhiteTeamCountry "AUT"]
[BlackTeamCountry "ITA"]

1. Nf3 Nf6 2. g3 b5 3. a4 b4 4. c4 bxc3 5. bxc3 c5 6. Ba3 Qc7 7. c4 Bb7 8. Nc3 d6 9. Bg2 Nc6 10. Rb1 Na5 11. d3 g6 12. 0-0 Bg7 13. e4 0-0 14. Nb5 Qc8 15. Qe1 Nc6 16. e5 Nxe5 17. Nxe5 Bxg2 18. Kxg2 dxe5 19. Qxe5 a6 20. Nc3 Ng4 21. Qe1 Qc6+ 22. Qe4 Qd6 23. Nd5 e6 24. Nb6 f5 25. Qe2 Rad8 26. Rb3 a5 27. Rb5 Bd4 28. Bb2 Rfe8 29. Bxd4 Qxd4 30. Rxa5 Rd6 31. Rb5 Rb8 32. a5 Kf7 33. Re1 Rc6 34. h3 Nf6 35. Qe5 Qd8 36. Rxc5 Rxc5 37. Qxc5 Nd7 38. Qc6 Nf8 39. d4 Kg8 40. d5 exd5 41. cxd5 f4 42. d6 Qg5 43. Qc4+ Kh8 44. Qc3+ Kg8 45. Re7 Qh6 46. Qc4+ Kh8 47. Qxf4 g5 48. Qd4+ Kg8 49. Qc4+ Kh8 50. Qc7 1-0

[Event "Porto Mannu op 9th"]
[Site "Porto Mannu"]
[Date "2017.06.10"]
[Round "9"]
[White "De Rosa, Mariagrazia"]
[Black "Beshukov, Sergei"]
[Result "1-0"]
[WhiteElo "2150"]
[BlackElo "2404"]
[PlyCount "71"]
[EventDate "2017.06.03"]
[EventType "swiss"]
[EventRounds "9"]
[EventCountry "ITA"]
[SourceTitle "CBM 178 Extra"]
[Source "ChessBase"]
[SourceDate "2017.06.22"]
[SourceVersion "1"]
[SourceVersionDate "2017.06.22"]
[SourceQuality "1"]

1. e4 c5 2. Nf3 e6 3. d4 cxd4 4. Nxd4 Nc6 5. Nc3 Qc7 6. Be3 a6 7. Qd2 Nf6 8. 0-0-0 Be7 9. f3 0-0 10. g4 b5 11. g5 Nh5 12. Nce2 Rd8 13. Ng3 Nxd4 14. Qxd4 Nf4 15. Kb1 Ng6 16. Nh5 e5 17. Qd5 Bb7 18. Qb3 d5 19. exd5 Qd7 20. c4 Qf5+ 21. Ka1 Nf4 22. Nxf4 exf4 23. Bb6 Rd6 24. Bc5 Rd7 25. Bd3 Qxg5 26. Rhg1 Qh6 27. Bxe7 Rxe7 28. c5 Rd8 29. Be4 Bc8 30. d6 Re5 31. Rd5 Be6 32. Rxe5 Bxb3 33. axb3 Qxh2 34. Rd1 g6 35. c6 Qe2 36. Red5 1-0

[Event "Douglas IoM op"]
[Site "Douglas"]
[Date "2016.10.07"]
[Round "7"]
[White "Peek, Marcel"]
[Black "De Rosa, Mariagrazia"]
[Result "1-0"]
[WhiteElo "2319"]
[BlackElo "2102"]
[PlyCount "93"]
[EventDate "2016.10.01"]
[EventType "swiss"]
[EventRounds "9"]
[EventCountry "IOM"]
[SourceTitle "EXT 2017"]
[Source "ChessBase"]
[SourceDate "2016.10.25"]
[SourceVersion "1"]
[SourceVersionDate "2016.10.25"]
[SourceQuality "1"]

1. d4 Nf6 2. Nf3 g6 3. c4 Bg7 4. Nc3 0-0 5. e4 d6 6. Be2 e5 7. Bg5 h6 8. Bh4 Qe8 9. dxe5 dxe5 10. Nd5 g5 11. Bg3 Nxd5 12. cxd5 c6 13. d6 Qe6 14. h4 g4 15. Nh2 h5 16. 0-0 Rd8 17. f3 Qxd6 18. Qxd6 Rxd6 19. fxg4 hxg4 20. Rad1 Rd4 21. Bc4 Be6 22. Bxe6 fxe6 23. Nxg4 Nd7 24. Bf2 Rxe4 25. Rxd7 Rxg4 26. Rxb7 Rd8 27. Rc1 e4 28. Rxc6 Rd1+ 29. Kh2 e3 30. Bxe3 Re1 31. Kh3 Re4 32. Bg5 Rf1 33. Rc8+ Rf8 34. Rxf8+ Bxf8 35. Rxa7 Bg7 36. Rb7 Re2 37. a4 Bxb2 38. a5 Bd4 39. Rd7 e5 40. h5 Ra2 41. h6 Rf2 42. h7+ Kh8 43. a6 Bb6 44. a7 Bxa7 45. Rxa7 e4 46. Be3 Rf7 47. Bd4+ 1-0

[Event "Douglas IoM op"]
[Site "Douglas"]
[Date "2016.10.03"]
[Round "3"]
[White "Balint, Vilmos"]
[Black "De Rosa, Mariagrazia"]
[Result "1-0"]
[WhiteElo "2334"]
[BlackElo "2102"]
[PlyCount "63"]
[EventDate "2016.10.01"]
[EventType "swiss"]
[EventRounds "9"]
[EventCountry "IOM"]
[SourceTitle "EXT 2017"]
[Source "ChessBase"]
[SourceDate "2016.10.25"]
[SourceVersion "1"]
[SourceVersionDate "2016.10.25"]
[SourceQuality "1"]

1. d4 Nf6 2. Nf3 g6 3. g3 Bg7 4. Bg2 0-0 5. 0-0 d6 6. c4 Nc6 7. Nc3 a6 8. e3 Rb8 9. Qe2 b5 10. Rd1 b4 11. Nd5 Nxd5 12. cxd5 Na5 13. e4 c5 14. dxc5 dxc5 15. Bf4 Rb6 16. Be3 Qd6 17. Rac1 Rb5 18. h3 Bd7 19. Bf4 Qb6 20. e5 Nb7 21. Nd2 Na5 22. Qe3 Rc8 23. b3 Qa7 24. Bf1 Rb7 25. Ne4 Bb5 26. Rxc5 Rxc5 27. Nxc5 Rc7 28. Bxb5 axb5 29. d6 Rxc5 30. d7 Nb7 31. d8Q+ Nxd8 32. Rxd8+ 1-0

[Event "Douglas IoM op"]
[Site "Douglas"]
[Date "2016.10.02"]
[Round "2"]
[White "De Rosa, Mariagrazia"]
[Black "Zozulia, Anna"]
[Result "1/2-1/2"]
[WhiteElo "2102"]
[BlackElo "2303"]
[PlyCount "79"]
[EventDate "2016.10.01"]
[EventType "swiss"]
[EventRounds "9"]
[EventCountry "IOM"]
[SourceTitle "EXT 2017"]
[Source "ChessBase"]
[SourceDate "2016.10.25"]
[SourceVersion "1"]
[SourceVersionDate "2016.10.25"]
[SourceQuality "1"]

1. e4 c5 2. Nf3 a6 3. c3 d6 4. d4 Nf6 5. Bd3 Nc6 6. h3 e5 7. dxe5 dxe5 8. Bg5 Be6 9. Qe2 b5 10. 0-0 c4 11. Bc2 Be7 12. Rd1 Nd7 13. Bxe7 Qxe7 14. Nbd2 0-0 15. Nf1 Rfd8 16. Ne3 Nf8 17. Nd5 Qc5 18. Qe3 Qxe3 19. Nxe3 f6 20. Nd5 Kf7 21. Nc7 Rxd1+ 22. Rxd1 Ra7 23. Nxe6 Nxe6 24. g3 Ke7 25. Nh2 Rd7 26. Rxd7+ Kxd7 27. Kf1 Kd6 28. Ke2 Na5 29. Nf1 Nb7 30. Ne3 Nbc5 31. Nf5+ Kd7 32. h4 g6 33. Ne3 Nc7 34. a4 Kd6 35. axb5 axb5 36. Nf1 Ke6 37. Ne3 Kd6 38. Ng4 Ke6 39. Ne3 Kd6 40. Ng4 1/2-1/2

[Event "Douglas IoM op"]
[Site "Douglas"]
[Date "2016.10.01"]
[Round "1"]
[White "Illingworth, Max"]
[Black "De Rosa, Mariagrazia"]
[Result "1-0"]
[WhiteElo "2465"]
[BlackElo "2102"]
[PlyCount "81"]
[EventDate "2016.10.01"]
[EventType "swiss"]
[EventRounds "9"]
[EventCountry "IOM"]
[SourceTitle "EXT 2017"]
[Source "ChessBase"]
[SourceDate "2016.10.25"]
[SourceVersion "1"]
[SourceVersionDate "2016.10.25"]
[SourceQuality "1"]

1. b3 e5 2. Bb2 Nc6 3. e3 d5 4. Bb5 e4 5. d3 Qg5 6. Kf1 Bg4 7. Ne2 Nf6 8. h3 Qh5 9. Qd2 Bd6 10. Ba3 Bxe2+ 11. Qxe2 Qe5 12. d4 Qe7 13. Bxd6 Qxd6 14. c4 0-0 15. Nc3 Ne7 16. c5 Qe6 17. Qd2 c6 18. Be2 Nd7 19. b4 f5 20. h4 Qh6 21. g3 Rf6 22. Kg2 Nf8 23. b5 Ne6 24. bxc6 bxc6 25. Rh2 g6 26. Rb1 Qf8 27. Rb7 h6 28. Qc1 Rf7 29. Qb1 Rg7 30. a4 Nc8 31. Rb8 Rxb8 32. Qxb8 Nc7 33. Na2 Re7 34. Nb4 Qe8 35. Nxc6 Qxc6 36. Qxc8+ Re8 37. Bb5 Qxb5 38. Qxc7 Qxa4 39. Qd6 Kg7 40. h5 gxh5 41. Rxh5 1-0

[Event "Trieste op 18th"]
[Site "Trieste"]
[Date "2016.09.10"]
[Round "9"]
[White "Barp, Alberto"]
[Black "De Rosa, Mariagrazia"]
[Result "1-0"]
[WhiteElo "2244"]
[BlackElo "2089"]
[PlyCount "115"]
[EventDate "2016.09.03"]
[EventType "swiss"]
[EventRounds "9"]
[EventCountry "ITA"]
[SourceTitle "CBM 174 Extra"]
[Source "ChessBase"]
[SourceDate "2016.10.10"]
[SourceVersion "1"]
[SourceVersionDate "2016.10.10"]
[SourceQuality "1"]

1. d4 Nf6 2. c4 g6 3. Nc3 Bg7 4. e4 d6 5. Nge2 0-0 6. Ng3 e5 7. d5 a5 8. Be2 Na6 9. h4 h5 10. Bg5 Qe8 11. Qd2 Nc5 12. Bh6 Qd8 13. 0-0-0 a4 14. f3 Bxh6 15. Qxh6 Nh7 16. Nf1 Qf6 17. g3 Bd7 18. Qd2 Rae8 19. Ne3 Qe7 20. g4 hxg4 21. fxg4 g5 22. Nf5 Bxf5 23. gxf5 gxh4 24. Rdg1+ Kh8 25. Rg4 Rg8 26. Rgxh4 Rg1+ 27. Bd1 Rxh1 28. Rxh1 Rg8 29. Bxa4 Rg4 30. Bc2 Kg8 31. b4 Nd7 32. a4 Qg5 33. Qxg5+ Nxg5 34. a5 Kf8 35. Re1 Ke7 36. Re3 Rg1+ 37. Kb2 Rf1 38. b5 Nc5 39. Na4 Ngxe4 40. Rxe4 Nxe4 41. Bxe4 Kd8 42. c5 Rf4 43. Nc3 Kc8 44. Kb3 Kb8 45. Kc4 Rf1 46. b6 Ra1 47. bxc7+ Kxc7 48. Nb5+ Kd7 49. c6+ bxc6 50. dxc6+ Kd8 51. c7+ Kc8 52. f6 Rc1+ 53. Kb3 Rf1 54. a6 d5 55. Bxd5 Rb1+ 56. Kc4 Rc1+ 57. Kb4 Rb1+ 58. Kc5 1-0

[Event "Trieste op 18th"]
[Site "Trieste"]
[Date "2016.09.06"]
[Round "5"]
[White "Bergamasco, Tommaso"]
[Black "De Rosa, Mariagrazia"]
[Result "1-0"]
[WhiteElo "2200"]
[BlackElo "2089"]
[PlyCount "125"]
[EventDate "2016.09.03"]
[EventType "swiss"]
[EventRounds "9"]
[EventCountry "ITA"]
[SourceTitle "CBM 174 Extra"]
[Source "ChessBase"]
[SourceDate "2016.10.10"]
[SourceVersion "1"]
[SourceVersionDate "2016.10.10"]
[SourceQuality "1"]

1. d4 Nf6 2. Bg5 c5 3. Nc3 cxd4 4. Qxd4 Nc6 5. Qh4 d6 6. e4 Bd7 7. 0-0-0 Rc8 8. Kb1 h6 9. Bd3 Ne5 10. Bxf6 gxf6 11. f4 Nc4 12. Bxc4 Rxc4 13. Qg3 b5 14. b3 Rc5 15. Nge2 h5 16. e5 fxe5 17. Ne4 exf4 18. Nxf4 Re5 19. Rhe1 Bg4 20. Nxd6+ exd6 21. Rxe5+ dxe5 22. Rxd8+ Kxd8 23. Nd5 Bd6 24. Qc3 Be6 25. Qa5+ Ke8 26. Nc7+ Ke7 27. Qxa7 Kf6 28. Nxb5 Be7 29. Nc3 Re8 30. Qf2+ Kg7 31. Qg3+ Kf6 32. Ne4+ Kf5 33. Qd3 Rd8 34. Ng3+ Kg5 35. Qe3+ Kg6 36. a4 f5 37. Qf3 Rh8 38. Qc6 Kf7 39. Qf3 Kg6 40. Qc6 Kf7 41. a5 h4 42. Ne2 Rd8 43. Qf3 Bf6 44. Qh5+ Kg7 45. Nc1 e4 46. Qe2 Rd6 47. Qe1 Bf7 48. Ne2 Bh5 49. Ka2 Be5 50. Qxh4 Rd5 51. Qg5+ Kf8 52. Qxf5+ Ke7 53. Nc3 Rxa5+ 54. Na4 Bf7 55. c4 e3 56. Qg5+ Ke6 57. Qxe3 Ra8 58. Qb6+ Kf5 59. Qb7 Rf8 60. Qf3+ Kg6 61. Qe4+ Kf6 62. Nc5 Rd8 63. Qh4+ 1-0

[Event "Trieste op 18th"]
[Site "Trieste"]
[Date "2016.09.04"]
[Round "3"]
[White "Sedina, Elena"]
[Black "De Rosa, Mariagrazia"]
[Result "1-0"]
[WhiteElo "2275"]
[BlackElo "2089"]
[PlyCount "77"]
[EventDate "2016.09.03"]
[EventType "swiss"]
[EventRounds "9"]
[EventCountry "ITA"]
[SourceTitle "CBM 174 Extra"]
[Source "ChessBase"]
[SourceDate "2016.10.10"]
[SourceVersion "1"]
[SourceVersionDate "2016.10.10"]
[SourceQuality "1"]

1. e4 c5 2. Nf3 d6 3. Bb5+ Bd7 4. Bxd7+ Qxd7 5. 0-0 Nf6 6. d4 cxd4 7. Qxd4 Nc6 8. Qd3 g6 9. c4 Bg7 10. Nc3 0-0 11. h3 Rfe8 12. Rb1 Na5 13. b3 a6 14. a4 b6 15. Re1 Qb7 16. Bd2 Nd7 17. Nd5 Nc5 18. Qe2 Ne6 19. Qd1 Rab8 20. Bc3 Bxc3 21. Nxc3 Nc6 22. Qd2 Ne5 23. Nd4 Nxd4 24. Qxd4 Nc6 25. Qd2 Nb4 26. f4 Qc7 27. Kh1 Qc5 28. Rbc1 Red8 29. Nd5 Nxd5 30. exd5 Qc7 31. Re4 a5 32. Rce1 Re8 33. f5 Qd7 34. fxg6 hxg6 35. Qg5 Rb7 36. Rh4 Qf5 37. Qh6 Qf6 38. Qh7+ Kf8 39. Qh8+ 1-0

[Event "Napoli Primavera al Vomero op"]
[Site "Napoli"]
[Date "2016.05.26"]
[Round "4"]
[White "De Rosa, Mariagrazia"]
[Black "Ficco, Corrado"]
[Result "0-1"]
[WhiteElo "2073"]
[BlackElo "2025"]
[PlyCount "180"]
[EventDate "2016.05.05"]
[EventType "swiss"]
[EventRounds "6"]
[EventCountry "ITA"]
[SourceTitle "EXT 2018"]
[Source "ChessBase"]
[SourceDate "2017.10.13"]
[SourceVersion "1"]
[SourceVersionDate "2017.10.13"]
[SourceQuality "1"]

1. e4 e5 2. Nf3 Nc6 3. Bb5 a6 4. Ba4 Nf6 5. 0-0 Be7 6. Re1 b5 7. Bb3 d6 8. c3 0-0 9. h3 Nb8 10. d4 Nbd7 11. Nbd2 Bb7 12. Bc2 Re8 13. Nf1 Bf8 14. Ng3 g6 15. b3 c5 16. d5 a5 17. a4 bxa4 18. Rxa4 Nb6 19. Ra2 c4 20. Be3 cxb3 21. Bxb3 Qc7 22. Qa1 Nc4 23. Bxc4 Qxc4 24. Bg5 Nd7 25. Rxa5 Nc5 26. Rb1 Rxa5 27. Qxa5 Ra8 28. Qb4 Ra4 29. Qxc4 Rxc4 30. Be3 Bc8 31. Rb8 Na4 32. Rb4 Ba6 33. Nd2 Rxb4 34. cxb4 Nc3 35. Nb3 f5 36. f3 f4 37. Bd2 Nxd5 38. exd5 fxg3 39. Na5 Kf7 40. Be1 Bh6 41. Bxg3 Bd2 42. Nc6 Bc4 43. Nd8+ Ke7 44. Nc6+ Kd7 45. Bxe5 Bxd5 46. Nb8+ Ke6 47. Bd4 Bxb4 48. Na6 Ba5 49. Kf2 Bc4 50. Nb8 Bb5 51. Ke3 Kd5 52. Ba7 Bb4 53. Kf4 Bd2+ 54. Kg4 Ke6 55. f4 h6 56. Bd4 Ba5 57. h4 Bc7 58. Ba7 Bd8 59. h5 Kf7 60. hxg6+ Kxg6 61. f5+ Kf7 62. Be3 Bc7 63. Ba7 d5 64. Kf3 Kf6 65. g4 Be5 66. Be3 Kg7 67. Bf4 Kf6 68. Bxh6 Bxb8 69. Be3 Ba4 70. Bd4+ Be5 71. Bb6 Bd1+ 72. Ke3 Bxg4 73. Bd8+ Kxf5 74. Bb6 Bd1 75. Bc5 Bc2 76. Bb6 Bb1 77. Bc5 Ke6 78. Bb6 Kd7 79. Bc5 Kc6 80. Be7 Kb5 81. Kd2 d4 82. Bh4 Kc4 83. Bf2 Bf4+ 84. Ke2 Bg6 85. Kf3 Bh6 86. Be1 Kd3 87. Bf2 Bh5+ 88. Kg2 Be3 89. Be1 Ke2 90. Bb4 d3 0-1

[Event "Gibraltar Masters 14th"]
[Site "Caleta"]
[Date "2016.02.02"]
[Round "8"]
[White "Burke, Mitchell R"]
[Black "De Rosa, Mariagrazia"]
[Result "1/2-1/2"]
[WhiteElo "2002"]
[BlackElo "2088"]
[PlyCount "61"]
[EventDate "2016.01.26"]
[EventType "swiss"]
[EventRounds "10"]
[EventCountry "GGB"]
[SourceTitle "CBM 171"]
[Source "ChessBase"]
[SourceDate "2016.03.14"]
[SourceVersion "2"]
[SourceVersionDate "2016.03.14"]
[SourceQuality "1"]

1. e4 c5 2. Nc3 d6 3. f4 g6 4. Nf3 Bg7 5. Bc4 Nc6 6. 0-0 Na5 7. Be2 Nf6 8. Qe1 0-0 9. Qh4 Nc6 10. d3 Nd4 11. Bd1 Bd7 12. Ne2 Nxf3+ 13. Rxf3 e6 14. g4 Bc6 15. Rh3 h5 16. g5 Nd7 17. Ng3 f5 18. exf5 exf5 19. c3 Qe7 20. Nf1 Qe6 21. Qf2 Rfe8 22. Re3 Qf7 23. Bf3 Bxf3 24. Qxf3 Nb6 25. a3 Nd5 26. Rxe8+ Rxe8 27. Bd2 Nb6 28. Re1 Rxe1 29. Bxe1 Qd5 30. Qxd5+ Nxd5 31. Bd2 1/2-1/2

[Event "Titled Tuesday intern op 2nd Febr"]
[Site "Chess.com INT"]
[Date "2016.02.02"]
[Round "6"]
[White "De Rosa, Mariagrazia"]
[Black "Albertini, Luca"]
[Result "0-1"]
[WhiteElo "2088"]
[BlackElo "2217"]
[PlyCount "40"]
[EventDate "2016.02.02"]
[EventType "swiss (blitz)"]
[EventRounds "9"]
[EventCountry "USA"]
[SourceTitle "EXT 2021"]
[Source "ChessBase"]
[SourceDate "2020.10.23"]
[SourceVersion "1"]
[SourceVersionDate "2020.10.23"]
[SourceQuality "1"]

1. e4 e5 2. Nf3 Nc6 3. Bb5 a6 4. Ba4 Nf6 5. 0-0 b5 6. Bb3 Be7 7. Re1 0-0 8. c3 d5 9. exd5 Nxd5 10. Nxe5 Nxe5 11. Rxe5 Bb7 12. Re1 Bf6 13. d4 Re8 14. Nd2 Nf4 15. f3 c5 16. dxc5 Qd3 17. Bc2 Rxe1+ 18. Qxe1 Qxc2 19. g3 Nd3 20. Qe2 Nxc1 0-1